000 00328 a2200109 4500
001 ART_3442
005 20260410161714.0
008 260409a
245 1 0 _aFlexibilidad automática en la Argentina
100 1 _aRezk, Ernesto
773 0 _tDesarrollo económico
_g- Vol. 23, Nº 90 (jul./sep. 1983)
_wREV1174
999 _c16394
_d16394